00543nam a22002057a 4500003000500000005001700005008004100022010001000063011001000073020001500083035001100098040000900109082001500118100001700133245005000150260003400200300003900234650002200273650004200295CHAP20240507091242.0081030d2004 mx r 00010 spa d a95328 a96300 a9701509900 a106948 cCHAP04a512.5bB831 aBru, Rafael.10aÁlgebra linealc/por Rafael Bru ...[et al.] aMéxico :bAlfaomega,cc2004 aviii, 588 p. :b+ 1 CD 4 3/4 plgs.14aÁlgebra lineal.14aMatemáticasxEstudio y enseñanza.